• 首页
  • 本馆介绍
  • 公告通知
  • 最新文献
  • 馆藏检索
  • 电子资源
  • 读者导购
  • 参考咨询
  • 我的图书馆
  • 登录
  • 详细信息显示
  • 放入我的书架
  • 预约/预借图书
  • 作者相关作品
  • 分类相关作品
  • 丛书相关作品
  • 出版社相关作品

书目信息

  • 表格格式
  • 工作单格式
  • 卡片格式
题名:
文化视野下的重庆聚奎书院研究
    
 
作者: 杨钊 著
分册:  
出版信息: 成都   四川大学出版社  2021
页数: 255页
开本: 24cm
丛书名:
单 册:
中图分类: G649.299.719
科图分类:
主题词: 书院--shu yuan--研究--重庆--清后期
电子资源:
ISBN: 978-7-5690-4080-7
000 01247nam0 2200241 450
001 2161416214
005 20210928130734.0
010    @a978-7-5690-4080-7@dCNY68.00
100    @a20210706d2021 em y0chiy0120 ea
101 0  @achi
102    @aCN@b510000
105    @ay z 000yy
106    @ar
200 1  @a文化视野下的重庆聚奎书院研究@Awen hua shi ye xia de chong qing ju kui shu yuan yan jiu@f杨钊著
210    @a成都@c四川大学出版社@d2021
215    @a255页@d24cm
300    @a2013年度重庆市社会科学规划项目“文化视野下的重庆聚奎书院研究” 重庆市“十三五”重点建设学科--社会学 重庆文理学院重点建设学科--中国语言文学等资助出版
330    @a明清巴蜀书院特盛,重庆聚奎书院历史悠久,精神贯一而不懈,人文荟萃,不但人才辈出,而且书院建筑大部分保留,是明清盛极一时的巴蜀书院中建筑、藏书、文献资料保存较为完整的晚清书院,其办学史是近现代普通教育史的一个缩影。学界对其的研究主要集中在近代教育建筑的特点分析,关于聚奎书院的教育发展史、书院教育精神的传承研究比较薄弱。本书从三个方面展开研究:聚奎书院的教育实践;聚奎书院的学术活动;聚奎书院的藏书。
606 0  @a书院@Ashu yuan@x研究@y重庆@z清后期
690    @aG649.299.719@v5
701  0 @a杨钊@Ayang zhao@f(1966-)@4著
801  0 @aCN@b百万庄@c20210927
905    @b1301903-06@dG649.299.719@e2159@f4
    
    文化视野下的重庆聚奎书院研究/杨钊著.-成都:四川大学出版社,2021
    255页;24cm
    2013年度重庆市社会科学规划项目“文化视野下的重庆聚奎书院研究” 重庆市“十三五”重点建设学科--社会学 重庆文理学院重点建设学科--中国语言文学等资助出版
    
    ISBN 978-7-5690-4080-7:CNY68.00
    明清巴蜀书院特盛,重庆聚奎书院历史悠久,精神贯一而不懈,人文荟萃,不但人才辈出,而且书院建筑大部分保留,是明清盛极一时的巴蜀书院中建筑、藏书、文献资料保存较为完整的晚清书院,其办学史是近现代普通教育史的一个缩影。学界对其的研究主要集中在近代教育建筑的特点分析,关于聚奎书院的教育发展史、书院教育精神的传承研究比较薄弱。本书从三个方面展开研究:聚奎书院的教育实践;聚奎书院的学术活动;聚奎书院的藏书。
●
相关链接 在E读中查询图书 在五车中查询图书 在当当中查询图书 在豆瓣中查询图书


正题名:文化视野下的重庆聚奎书院研究     索取号:G649.299.719/2159         预约/预借

序号 登录号 条形码 馆藏地/架位号 状态 备注
1 1301903   213019035   第一样本阅览室/ [索取号:G649.299.719/2159] 在馆    
2 1301904   213019044   第四借阅区/ [索取号:G649.299.719/2159] 在馆    
3 1301905   213019053   第四借阅区/ [索取号:G649.299.719/2159] 在馆    
4 1301906   213019062   第四借阅区/ [索取号:G649.299.719/2159] 在馆    
唐山师范学院图书馆 欢迎您!
大连网信软件有限公司© 版权所有